01479nam a2200277 a 4500001001000000005001700010008004100027041000800068044000800076084002000084100004500104245014300149260003800292300002200330500025600352500022400608500005900832500001000891546002400901650005200925650005600977650003401033650004501067700003901112740005001151BRCA_327220190320204210.0130309s1840----enka---###---#000-0#eng-# aeng aenk a573b.W56c18401 aCervantes Saavedra, Miguel ded1547-161610aThe Life and Exploits of Don Quixote de la ManchacTranslated from the Original Spanish of Miguel de Cervantes Saavedra by Charles Jarvis. aLondresbJ. and B. Williamsc1840 a4 v.bil.c13 cm. aContenido : v.1. Primera parte. Prólogo del autor a la segunda parte. Prefacio del traductor. Vida de Cervantes extractada de la escrita por Mayáns. Prólogo del autor a la primera parte. -- v.2. Texto. -- v.3. Segunda parte. Texto. -- v.4. Texto aReproducción de la traducción de Jarvis, publicada en 1828, por los mismos editores, con la Vida de Cervantes, extractada de la escrita por Mayáns. Edición económica con tipos pequeños. Tela Lúdovik Osterc aEstado físico : Anotaciones manuscritas en la guarda aQM448 aTexto en : inglés14aNovela españolayÉpoca clásica, 1500-170014aLiteratura españolayÉpoca clásica, 1500-170014aNovela españolaySiglo XVII14aDon Quijote (Personaje ficticio)eNovela1 aJarvis, Charlesd?-1739eTraductor0 aEl Ingenioso Hidalgo Don Quijote de la Mancha